LEADER 00904nas a2200241 i 4500 001 000000150504 003 CaOOAMICUS 005 20141113000000.0 008 141113s2001 it uu u0 0ita r 013 $a127842 020 $a88-8227-109-9 040 $aSeMil$bita 100 1 $aJollien, Alexandre.$0(OLS)http://semarc/name/59350 245 10$aElogio della debolezza /$cAlexandre Jollien. 260 $aMagnano :$bQiqajon,$c2001. 300 $a106 p. ;$c19 cm. 650 4$aDisabili - Diari e memorie.$0(OLS)http://semarc/subject/29421 850 $aSeMil 852 $aSeMil$W1$xVenegono$y1$m1V I 225$j102643$B102643$CSeMilBibl$Z2$F111499 $81 961 $aLascito: Serenthà don Mario 996 $6020$a88-8227-109-9$9(OLS)http://semarc/number/139965 996 $6245$aElogio della debolezza$9(OLS)http://semarc/title/220073 996 $6260$aMagnano :$bQiqajon$9(OLS)http://semarc/publisher/32326 LEADER 01893nas a2200301 i 4500 001 000000241129 003 CaOOAMICUS 005 20150423000000.0 008 150423b2012 gw uu u0 0ger r 013 $a220034 040 $aSeMil$bita 245 10$aPraxisbeilage der katechetischen Blätter [2012]. 260 $aMünchen :$bKösel,$c2012. 300 $a1 v. (varie paginazioni) ;$c21 cm. 710 0 $aDeutscher Katecheten-Verein e. V.$0(OLS)http://semarc/name/14633 774 0 $aRaischl, Konrad$tLieder zur Fasten-und Osterzeit. - 15 p..$w()287170 774 0 $aWörther, Matthias$tKurzfilm, kurze Filme, Videoclips und Werbung. Arbeit mit filmischen Medien im RU. - 15 p. - Titolo principale dalla copertina. - [Materialbrief RU sekundarstufe].$w()287171 774 0 $aCuffari, Dagmar$tPerlen des Glaubens.- 15 p..$w()287172 774 0 $aKuon, Annette$tMensch nach Maß?! Schritte zur ethischen Urteilsfindung bei der Präimplantationsdiagnostik (PID). Arbeitsvorschläge und Materialien für den RU ab Klasse 9. - 15 p..$w()287173 774 0 $aWurster, Veronika$tTaufsymbole im Kirchenraum erleben, sich für das Geschenk der Taufe öffnen. - 15 p..$w()287174 774 0 $aOch, Matthias$tErlebnispädagogische Elemente im RU. - 15 p..$w()287175 774 0 $aZanker, Monika$tChristophorus & Co, heil(ig) werden. Unterrichtspraktische Impulse für den Religionsunterricht an der Grundschule. - 15 p..$w()287176 774 0 $aKlingberg, Gabriele$tLiebe Jesulein oder origineller Typ? Begegnungen mit der Person Jesu in Klasse 5/6. - 15 p..$w()287177 850 $aSeMil 852 $aSeMil$W1$xVenegono$y1$m25 6 137/S1$j191475$B191475$CSeMilBibl$Z2$F202271 $85 961 $aOmaggio: Lorenzi don Ugo 996 $6245$aPraxisbeilage der katechetischen Blätter [2012]$9(OLS)http://semarc/title/342821 996 $6260$aMünchen :$bKösel$9(OLS)http://semarc/publisher/34068 LEADER 01009nam a2200229 i 4500 001 000000044632 003 CaOOAMICUS 005 20091016000000.0 008 091016s1966 gw u000 u ger u 013 $a15802 040 $aSeMil$bita 100 1 $aSchlette, Heinz Robert,$d<1931- >.$0(OLS)http://semarc/name/19096 245 10$aWas ist Theologie? /$cherausgegeben von Engelbert Neuhäusler und Elisabeth Gössmann ; [Beiträge von Heinz Robert Schlette ... et al.]. 260 $aMünchen :$bMax Hueber,$c1966. 300 $a449 p. ;$c24 cm. 650 4$aTeologia - Saggi.$0(OLS)http://semarc/subject/231 700 1 $aGössmann, Elisabeth <1928- >.$0(OLS)http://semarc/name/16228 700 1 $aNeuhäusler, Engelbert.$0(OLS)http://semarc/name/22226 850 $aSeMil 852 $aSeMil$W1$xVenegono$y1$m2B IV 210$j10787$B10787$CSeMilBibl$Z2$F10787 $81 996 $6245$aWas ist Theologie?$9(OLS)http://semarc/title/66083 996 $6260$aMünchen :$bMax Hueber$9(OLS)http://semarc/publisher/30030